|
|
|
|
| LEADER |
00000nab#a22000007a#4500 |
| 001 |
arbauad004662 |
| 003 |
AR-BaUAD |
| 005 |
20250711110643.0 |
| 008 |
940708|||||||||###||||||b###|0###a|spa|| |
| 040 |
|
|
|a AR-BaUAD
|c AR-BaUAD
|b spa
|
| 100 |
|
|
|a Urien, René
|
| 245 |
|
|
|a Costo de la calidad /
|c René Urien;
|
| 300 |
0 |
|
|b gráf.
|
| 653 |
|
|
|a ECONOMIA
|
| 653 |
|
|
|a CONSTRUCCION
|
| 653 |
|
|
|a COSTOS
|
| 653 |
|
|
|a 1980
|
| 773 |
0 |
|
|t SUMMA
|g no. 145-146 [ene.-feb. 1980], p. 39-43
|
| 942 |
|
|
|c ARTI
|
| 952 |
|
|
|0 0
|1 0
|4 0
|7 0
|9 49582
|a AR-BAuAD
|b AR-BAuAD
|d 2025-07-11
|l 0
|p AAQA004662
|r 2025-07-11 11:06:43
|w 2025-07-11
|y ARTI
|
| 990 |
|
|
|a CO198
|b TD
|
| 998 |
|
|
|a AAQ
|b BIBUN76
|
| 999 |
|
|
|c 29255
|d 29255
|